Statistiques concernant Les villes du 93 avec le plus de communes limitrophes

Cliquez ici pour prendre le quiz!

Statistiques générales

  • Ce quiz a été pris 6 fois
  • Le résultat moyen est 6 sur 8

Statistiques - réponses

Hint Answer % Correct
8Bondy,Montreuil,Tremblay en France
100%
9Noisy le Grand,Saint-Denis
100%
5Aubervilliers,Clichy sous Bois,Coubron,Gournay sur Marne,Les Lilas,Les Pavillons sous Bois,Le Raincy,Neuilly sur Marne,Noisy le Sec,Pierrefite-sur-Seine,Saint-Ouen,Villepinte
80%
6Drancy,Dugny,Gagny,Pantin,Romainville,Rosny-sous-Bois,Neuilly-Plaisance,Stains,
80%
7Aulnay sous Bois,Bobigny,La Courneuve,Le Blanc Mesnil,Livry Gargans,Vaujour,Villemomble
80%
10Epinay sur Seine
60%
4Bagnolet,Le Bourget,Montfermeil,Sevran,Villetaneuse
60%
3Le Pré Saint Gervais
40%

Distribution des résultats

Percentile by Number Answered

% des personnes avec chaque résultat

Votre développement - résultats

Vous n’avez pas pris ce quiz